Riqueza del mundo, pobreza de las naciones / (Registro nro. 40553)
[ vista simple ]
| 000 -LEADER | |
|---|---|
| fixed length control field | 01316cam a2200349 i 4500 |
| 001 - CONTROL NUMBER | |
| control field | 40553 |
| 003 - CONTROL NUMBER IDENTIFIER | |
| control field | Mx-PuUPA |
| 005 - DATE AND TIME OF LATEST TRANSACTION | |
| control field | 20240410103815.0 |
| 008 - FIXED-LENGTH DATA ELEMENTS--GENERAL INFORMATION | |
| fixed length control field | 140415s1998 mx gr 000 0 spa d |
| 020 ## - INTERNATIONAL STANDARD BOOK NUMBER | |
| International Standard Book Number | 9505572557 |
| 040 ## - CATALOGING SOURCE | |
| Original cataloging agency | Mx-PuUPA |
| Language of cataloging | spa |
| Transcribing agency | Mx-PuUPA |
| Modifying agency | Mx-PuUPA |
| Description conventions | rda |
| 041 1# - LANGUAGE CODE | |
| Language code of text/sound track or separate title | spa |
| Language code of original | fre |
| 100 1# - MAIN ENTRY--PERSONAL NAME | |
| Personal name | Cohen, Daniel, |
| Relator term | autor |
| 9 (RLIN) | 11279 |
| Dates associated with a name | 1953- |
| 240 10 - UNIFORM TITLE | |
| Uniform title | Richesse du monde, pauvretés des nations. |
| Language of a work | Español |
| 245 10 - TITLE STATEMENT | |
| Title | Riqueza del mundo, pobreza de las naciones / |
| Statement of responsibility, etc. | Daniel Cohen ; traducción, Sandra Garzonio |
| 250 ## - EDITION STATEMENT | |
| Edition statement | Primera edición |
| 264 #1 - PRODUCTION, PUBLICATION, DISTRIBUTION, MANUFACTURE, AND COPYRIGHT NOTICE | |
| Place of production, publication, distribution, manufacture | México, D. F. : |
| Name of producer, publisher, distributor, manufacturer | Fondo de Cultura Económica de Argentina, |
| Date of production, publication, distribution, manufacture, or copyright notice | 1998 |
| 300 ## - PHYSICAL DESCRIPTION | |
| Extent | 142 páginas ; |
| Dimensions | 20 cm |
| 336 ## - CONTENT TYPE | |
| Fuente | rdacontent |
| Content type term | texto |
| Content type code | txt |
| 337 ## - MEDIA TYPE | |
| Source | rdamedia |
| Media type term | sin medio |
| Media type code | n |
| 338 ## - CARRIER TYPE | |
| Source | rdacarrier |
| Carrier type term | volumen |
| Carrier type code | nc |
| 650 #7 - SUBJECT ADDED ENTRY--TOPICAL TERM | |
| Source of heading or term | armarc |
| Topical term or geographic name entry element | Desarrollo económico |
| 650 #7 - SUBJECT ADDED ENTRY--TOPICAL TERM | |
| Source of heading or term | armarc |
| Topical term or geographic name entry element | Relaciones económicas internacionales |
| 650 #7 - SUBJECT ADDED ENTRY--TOPICAL TERM | |
| Source of heading or term | armarc |
| Topical term or geographic name entry element | Pobreza |
| 650 #7 - SUBJECT ADDED ENTRY--TOPICAL TERM | |
| Source of heading or term | armarc |
| Topical term or geographic name entry element | Nuevo orden económico internacional |
| 700 1# - ADDED ENTRY--PERSONAL NAME | |
| Personal name | Garzonio, Sandra, |
| Relator term | traductor |
| 765 08 - ORIGINAL LANGUAGE ENTRY | |
| Main entry heading | Cohen, Daniel, 1953- |
| Title | Richesse du monde, pauvretés des nations. |
| International Standard Book Number | 2080673947 |
| 942 ## - ADDED ENTRY ELEMENTS (KOHA) | |
| Source of classification or shelving scheme | Dewey Decimal Classification |
| Koha item type | Libro |
| Classification part | 338.9 |
| Item part | C678 |
| Withdrawn status | Lost status | Source of classification or shelving scheme | Damaged status | Not for loan | Collection code | Home library | Current library | Shelving location | Date acquired | Source of acquisition | Total Checkouts | Full call number | Barcode | Date last seen | Price effective from | Koha item type |
|---|---|---|---|---|---|---|---|---|---|---|---|---|---|---|---|---|
| Dewey Decimal Classification | General | Biblioteca Karol Wojtyla | Biblioteca Karol Wojtyla | Sala general | 03/12/2013 | Donación | 338.9 C678 1998 | 61116 | 05/01/2026 | 03/12/2013 | Libro |